000 00901cam a2200193 4500
001 WS119495
008 020830n 000 0 eng u
035 _a(Sirsi) u119495
110 _aLondon District Surveyors Association
_9949
245 _aLondon District Surveyors Association
520 _aWeb site for this organisation which seeks to guide its members in the use of building control legislation and ensure uniformity of interpretation amongst London's local authorities. Includes pages on the history of building in London, pages of frequently asked questions and links to the London borough web sites.
650 _aORGANISATION
650 _aLONDON
650 _aBUILDING CONTROL
_96222
650 _aLOCAL AUTHORITIES
690 _aBUILT ENVIRONMENT
856 4 0 _uhttps://www.buildingcontrol.org/ldsa
_zView the website free of charge at www.buildingcontrol.org/ldsa...
942 _n0
999 _c120184
_d120184